000 00565nam a2200193 a 4500
001 000046242
003 OSt
005 20240302073951.0
008 150709s1995 dr 000 0 spa d
040 _aDO-SdBNP
_bspa
_cBNPHU
082 _axxxx
_bxxxx
100 1 _aCassá, Roberto,
_d1948-
_910888
245 1 0 _aEn busqueda del tiempo en el exilio :
_bsemblanza del Dr. Leovigildo cuello /
_cRoberto Cassá.
260 _aSanto Domingo :
_bTaller,
_c1995.
300 _a32 p. :
_c21 cm.
590 _aInventariado, 2020/ YL
910 _aYLockward
942 _2ddc
_cLF2
999 _c45731
_d45731